Deliciosa locura /

Сохранить в:
Библиографические подробности
Главный автор: Tellado, Corín (autor)
Формат:
Язык:испанский
Опубликовано: Barcelona, España : Bruguera, 1967, c1958
Редактирование:Nueva edición
Серии:(Corinto ; 56)
Предметы:
Метки: Добавить метку
Нет меток, Требуется 1-ая метка записи!

MARC

LEADER 00000nam^a2200000^a^4500
001 000452256
005 20250521000000.0
009 20260310123832.938
037 |a Acervo ITESO - Biblioteca 
041 |a ESP 
082 |a 863.  |b TEL 
100 |a Tellado, Corín  |e (autor) 
245 1 0 |a Deliciosa locura /  |c C. Tellado. 
250 |a Nueva edición 
264 4 |a Barcelona, España :  |b Bruguera,  |c 1967, c1958 
300 |a 111 p. 
336 |a texto  |b txt  |2 rdacontenido 
337 |a sin mediación  |b n  |2 rdamedio 
338 |a volumen  |b nc  |2 rdasoporte 
440 1 |a (Corinto ;  |v 56) 
649 |a XX 
650 |a Novela Española 
650 |a Literatura Española -  |y Siglo XX 
650 |a Literatura de Mujeres -  |z España 
910 |a Fondo Efraín González Morfín 
920 |a Impresos - Libros 
930 |a Fondos Especiales 
940 |a Literatura 
905 |a 130 
901 |a 0500383940  |b IT2  |c ESL  |i D93947  |u 20250521 
902 |a https://opac.biblio.iteso.mx/vufind/Record/000452256